NFL DRAFT 2025 EVERY PICK - Statistics

General Stats
  • This quiz has been taken 451 times
    152 since last reset
  • The average score is 82 of 257
Answer Stats
Team Pick Player Position School % Correct
Steelers 83 Kaleb Johnson RB Iowa
82%
Buccaneers 235 Tez Johnson WR Oregon
82%
Cardinals 47 Will Johnson CB Michigan
82%
Browns 144 Shedeur Sanders QB Colorado
81%
Bills 41 TJ Sanders DL South Carolina
81%
Giants 3 Abdul Carter EDGE Penn St
76%
Rams 117 Jarquez Hunter RB Auburn
76%
Eagles 31 Jihaad Campbell LB Alabama
76%
Chargers 22 Omarion Hampton RB North Carolina
76%
Jaguars 2 Travis Hunter WR / CB Colorado
76%
Patriots 4 Will Campbell OT LSU
76%
Bengals 119 Barrett Carter LB Clemson
75%
Titans 1 Cam Ward QB Miami
75%
Bears 10 Colston Loveland TE Michigan
75%
Raiders 6 Ashton Jeanty RB Boise St
73%
Browns 5 Mason Graham DL Michigan
73%
Eagles 207 Cameron Williams OT Texas
70%
Giants 25 Jaxson Dart QB Ole Miss
70%
Patriots 69 Kyle Williams WR Washington St
70%
49ers 11 Mykel Williams EDGE Georgia
70%
Chiefs 85 Nohl Williams CB California
70%
Packers 87 Savion Williams WR TCU
70%
Panthers 8 Tetairoa McMillan WR Arizona
70%
Panthers 140 Cam Jackson DL Florida
69%
Lions 230 Dan Jackson S Georgia
69%
Browns 94 Dillon Gabriel QB Oregon
69%
Vikings 24 Donovan Jackson OL Ohio St
69%
Packers 250 John Williams OT Cincinnati
69%
Bills 72 Landon Jackson EDGE Arkansas
69%
Lions 28 Tyleik Williams DL Ohio St
69%
Patriots 38 TreVeyon Henderson RB Ohio St
67%
Buccaneers 121 David Walker EDGE Central Arkansas
66%
Bills 109 Deone Walker DL Kentucky
66%
Falcons 15 Jalon Walker EDGE Georgia
66%
Bears 39 Luther Burden III WR Missouri
66%
Ravens 27 Malaki Starks S Georgia
66%
Colts 14 Tyler Warren TE Penn St
66%
Packers 23 Matthew Golden WR Texas
65%
Ravens 59 Mike Green EDGE Marshall
64%
Browns 36 Quinshon Judkins RB Ohio St
64%
Buccaneers 19 Emeka Egbuka WR Ohio St
63%
Falcons 26 James Pearce Jr EDGE Tennessee
63%
Cardinals 16 Walter Nolen DL Ole Miss
63%
Jets 110 Arian Smith WR Georgia
62%
Chiefs 228 Brashard Smith RB SMU
62%
Texans 97 Jaylin Smith CB USC
62%
Chargers 158 KeAndre Lambert-Smith WR Auburn
62%
Titans 183 Marcus Harris S California
62%
Colts 190 Tim Smith DL Alabama
62%
Chargers 55 Tre Harris WR Ole Miss
62%
Bengals 17 Shemar Stewart EDGE Texas A&M
60%
Jets 7 Armand Membou OT Missouri
58%
Browns 67 Harold Fannin Jr TE Bowling Green
58%
Rams 90 Josaiah Stewart EDGE Michigan
58%
Saints 40 Tyler Shough QB Louisville
58%
Bills 30 Maxwell Hairston CB Kentucky
57%
Cowboys 12 Tyler Booker OL Alabama
56%
Chargers 199 Branson Taylor OT Pittsburgh
54%
Broncos 20 Jahdae Barron CB Texas
54%
Jets 42 Mason Taylor TE LSU
54%
Giants 105 Cam Skattebo RB Arizona St
53%
Seahawks 18 Grey Zabel OL North Dakota St
53%
Browns 126 Dylan Sampson RB Tennessee
52%
Texans 34 Jayden Higgins WR Iowa St
52%
Dolphins 231 Quinn Ewers QB Texas
52%
Steelers 185 Will Howard QB Ohio St
52%
Raiders 99 Charles Grant OT William & Mary
51%
Saints 9 Kelvin Banks Jr OT Texas
51%
Dolphins 13 Kenneth Grant DT Michigan
51%
Browns 33 Carson Schwesinger LB UCLA
48%
Seahawks 92 Jalen Milroe QB Alabama
48%
Falcons 96 Xavier Watts S Notre Dame
48%
Ravens 91 Emery Jones Jr OT LSU
47%
Chiefs 32 Josh Simmons OT Ohio St
47%
Broncos 101 Sai'vion Jones DL LSU
47%
Steelers 21 Derrick Harmon DL Oregon
46%
Raiders 58 Jack Bech WR TCU
45%
Texans 79 Jaylin Noel WR Iowa St
45%
Rams 46 Terrance Ferguson TE Oregon
45%
Steelers 123 Jack Sawyer EDGE Ohio St
43%
Panthers 114 Trevor Etienne RB Georgia
43%
Cowboys 149 Jaydon Blue RB Texas
42%
Broncos 60 RJ Harvey RB UCF
42%
Seahawks 50 Elijah Arroyo TE Miami
40%
Cardinals 211 Hayden Conner OL Texas
40%
Dolphins 179 Ollie Gordon II RB Oklahoma St
40%
Seahawks 35 Nick Emmanwori S South Carolina
38%
49ers 147 Jordan James RB Oregon
37%
Commanders 29 Josh Conerly Jr OT Oregon
37%
Eagles 181 Kyle McCord QB Syracuse
37%
Panthers 51 Nic Scourton EDGE Texas A&M
37%
Colts 189 Riley Leonard QB Notre Dame
37%
Cowboys 76 Shavon Revel CB East Carolina
37%
Cowboys 152 Shemar James LB Florida
37%
Patriots 220 Marcus Bryant OT Missouri
36%
Broncos 74 Pat Bryant WR Illinois
36%
Seahawks 238 Ricky White III WR UNLV
36%
Lions 70 Isaac TeSlaa WR Arkansas
35%
Texans 197 Graham Mertz QB Florida
34%
Eagles 64 Andrew Mukuba S Texas
33%
Buccaneers 53 Benjamin Morrison CB Notre Dame
33%
Giants 65 Darius Alexander DL Toledo
33%
Titans 120 Gunnar Helm TE Texas
33%
Jets 73 Azareye'h Thomas CB Florida St
31%
Saints 184 Devin Neal RB Kansas
31%
Patriots 95 Jared Wilson OL Georgia
31%
Panthers 208 Jimmy Horn Jr WR Colorado
31%
Giants 246 Korie Black CB Oklahoma St
31%
Bengals 193 Tahj Brooks RB Texas Tech
31%
Seahawks 166 Tory Horton WR Colorado St
31%
Ravens 186 Tyler Loop K Arizona
31%
Steelers 164 Yahya Black DL Iowa
31%
49ers 227 Kurtis Rourke QB Indiana
30%
Lions 57 Tate Ratledge OL Georgia
30%
Bengals 49 Demetrius Knight Jr LB South Carolina
29%
Packers 237 Micah Robinson CB Tulane
29%
Broncos 134 Que Robinson EDGE Alabama
29%
Vikings 102 Tai Felton WR Maryland
29%
Eagles 111 Ty Robinson DL Nebraska
29%
Texans 116 Woody Marks RB USC
29%
Falcons 118 Billy Bowman Jr S Oklahoma
28%
49ers 113 CJ West DL Indiana
28%
Titans 136 Elic Ayomanor WR Stanford
28%
Commanders 61 Trey Amos CB Ole Miss
28%
Raiders 215 Cam Miller QB North Dakota St
27%
Cardinals 174 Denzel Burke CB Ohio St
27%
Texans 48 Aireontae Ersery OT Minnesota
26%
49ers 43 Alfred Collins DL Texas
26%
Giants 154 Marcus Mbow OT Purdue
26%
Jaguars 104 Bhayshul Tuten RB Virginia Tech
25%
Cowboys 44 Donovan Ezeiruaku EDGE Boston College
25%
Bears 233 Kyle Monangai RB Rutgers
25%
Chargers 165 Oronde Gadsden II TE Syracuse
25%
49ers 75 Nick Martin LB Oklahoma St
24%
Raiders 108 Dont'e Thornton Jr WR Tennessee
22%
Chiefs 133 Jalen Royals WR Utah St
22%
Ravens 203 LaJohntay Wester WR Colorado
22%
Jaguars 236 LeQuint Allen RB Syracuse
22%
Panthers 163 Mitchell Evans TE Notre Dame
21%
Bears 62 Shemar Turner DL Texas A&M
21%
Patriots 182 Andres Borregales K Miami
20%
Dolphins 37 Jonah Savaiinaea OL Arizona
20%
Colts 45 JT Tuimoloau EDGE Ohio St
20%
Chargers 125 Kyle Kennard EDGE South Carolina
20%
Titans 103 Chimere Dike WR Florida
19%
Raiders 68 Darien Porter CB Iowa St
19%
Colts 151 DJ Giddens RB Kansas St
19%
Commanders 128 Jaylin Lane WR Virginia
19%
Patriots 137 Joshua Farmer DL Florida St
19%
Panthers 122 Lathan Ransom S Ohio St
19%
Cowboys 239 Phil Mafah RB Clemson
19%
Jaguars 200 Rayuan Lane III S Navy
19%
Packers 54 Anthony Belton OL North Carolina St
18%
Packers 124 Barryn Sorrell EDGE Texas
18%
Rams 172 Chris Paul Jr LB Ole Miss
18%
Cardinals 115 Cody Simon LB Ohio St
18%
Seahawks 223 Damian Martinez RB Miami
18%
Bengals 81 Dylan Fairchild OL Georgia
18%
Titans 82 Kevin Winston Jr S Penn St
18%
Ravens 129 Teddye Buchanan LB Cal
18%
Jaguars 107 Jack Kiser LB Notre Dame
17%
Falcons 218 Jack Nelson OT Wisconsin
17%
Commanders 245 Jacory Croskey-Merritt RB Arizona
17%
Dolphins 150 Jason Marshall Jr CB Florida
17%
Jets 130 Malachi Moore DB Alabama
17%
Bears 56 Ozzy Trapilo OT Boston College
17%
Seahawks 142 Rylie Mills DL Notre Dame
17%
Chiefs 66 Ashton Gillotte EDGE Louisville
16%
Cardinals 78 Jordan Burch DL Oregon
16%
Vikings 201 Kobe King LB Penn St
16%
Lions 171 Miles Frazier OL LSU
16%
Chiefs 63 Omarr Norman-Lott DL Tennessee
16%
Panthers 77 Princely Umanmielen EDGE Ole Miss
16%
Giants 219 Thomas Fidone II TE Nebraska
16%
Vikings 202 Gavin Bartholomew TE Pittsburgh
15%
Buccaneers 84 Jacob Parrish CB Kansas St
15%
Titans 52 Oluwafemi Oladejo EDGE UCLA
15%
Bears 169 Zah Frazier CB UTSA
15%
Saints 112 Danny Stutsman LB Oklahoma
13%
Bills 173 Jackson Hawes TE Georgia Tech
13%
Saints 93 Jonas Sanker S Virginia
13%
Titans 188 Kalel Mullings RB Michigan
13%
Texans 224 Kyonte Hamilton DL Rutgers
13%
Rams 148 Ty Hamilton DL Ohio St
13%
Jets 176 Tyler Baron EDGE Miami
13%
49ers 100 Upton Stout CB Western Kentucky
13%
Jaguars 89 Wyatt Milum OT West Virginia
13%
Ravens 210 Aeneas Peebles DL Virginia Tech
12%
Raiders 98 Caleb Rogers OT Texas Tech
12%
Bills 206 Chase Lundt OT UCONN
12%
Packers 159 Collin Oliver LB Oklahoma St
12%
Patriots 106 Craig Woodson S Cal
12%
Bengals 153 Jalen Rivers OL Miami
12%
Texans 187 Jaylen Reed S Penn St
12%
Dolphins 143 Jordan Phillips DL Maryland
12%
Cardinals 225 Kitan Crawford S Nevada
12%
Patriots 146 Bradyn Swinson EDGE LSU
11%
Texans 255 Luke Lachey TE Iowa
11%
Vikings 139 Tyrion Ingram-Dawkins DL Georgia
11%
Saints 71 Vernon Broughton DL Texas
11%
Lions 244 Dominic Lovett WR Georgia
10%
Broncos 216 Jeremy Crawshaw P Florida
10%
Patriots 257 Kobee Minor CB Memphis
10%
Rams 242 Konata Mumpfield WR Pittsburgh
10%
Raiders 213 Tommy Mellott QB Montana St
10%
Packers 198 Warren Brinson DL Georgia
10%
Lions 196 Ahmed Hassanein EDGE Boise St
9%
Jaguars 88 Caleb Ransaw CB Tulane
9%
Ravens 141 Carson Vinson OT Alabama A&M
9%
Dolphins 155 Dante Trader Jr S Maryland
9%
Bills 177 Dorian Strong CB Virginia Tech
9%
Buccaneers 157 Elijah Roberts EDGE SMU
9%
Ravens 243 Garrett Dellinger OL LSU
9%
Titans 167 Jackson Slater OL Sacramento St
9%
Chargers 86 Jamaree Caldwell DL Oregon
9%
Raiders 180 JJ Pegues DL Ole Miss
9%
Saints 131 Quincy Riley CB Louisville
9%
Seahawks 175 Robbie Ouzts TE Alabama
9%
Ravens 212 Robert Longerbeam CB Rutgers
9%
Raiders 135 Tonka Hemingway DL South Carolina
9%
Eagles 209 Antwaun Powell-Ryland EDGE Virginia Tech
8%
Ravens 178 Bilhal Kone CB Western Michigan
8%
49ers 249 Connor Colby OL Iowa
8%
Eagles 168 Drew Kendall OL Boston College
8%
Chiefs 156 Jeffrey Bassa LB Oregon
8%
Jaguars 221 Jonah Monheim OT USC
8%
Bills 170 Jordan Hancock CB Ohio St
8%
Patriots 251 Julian Ashby LS Vanderbilt
8%
Bills 240 Kaden Prather WR Maryland
8%
Eagles 145 Mac McWilliams CB UCF
8%
Steelers 226 Carson Bruener LB Washington
7%
Raiders 222 Cody Lindenberg LB Minnesota
7%
Cowboys 217 Jay Toia DL UCLA
7%
Chargers 214 R.J Mickens S Clemson
7%
Bears 132 Ruben Hyppolite II LB Maryland
7%
Eagles 161 Smael Mondon Jr LB Georgia
7%
Dolphins 253 Zeek Biggers DL Georgia Tech
7%
Cowboys 204 Ajani Cornelius OL Oregon
6%
Broncos 241 Caleb Lohner TE Utah
6%
Steelers 229 Donte Kent CB Central Michigan
6%
Saints 254 Fadil Diggs EDGE Syracuse
6%
Colts 127 Jalen Travis OT Iowa St
6%
49ers 138 Jordan Watkins WR Ole Miss
6%
Colts 80 Justin Walley CB Minnesota
6%
Jets 162 Francisco Mauigoa LB Miami
4%
Colts 232 Hunter Wohler S Wisconsin
4%
Jaguars 194 Jalen McLeod LB Auburn
4%
Bears 195 Luke Newman OT Michigan St
4%
Saints 248 Moliki Matavao TE UCLA
4%
Seahawks 192 Bryce Cabeldue OT Kansas
3%
49ers 252 Junior Bergen WR Montana
3%
49ers 160 Marques Sigle S Kansas St
3%
Eagles 191 Myles Hinton OT Michigan
3%
Commanders 205 Kain Medrano LB UCLA
2%
Cowboys 247 Tommy Akingbesote DL Maryland
2%
Chargers 256 Trikweze Bridges CB Florida
2%
Seahawks 234 Mason Richman OT Iowa
1%
No matching quizzes found
Score Distribution
Percent of People with Each Score
Percentile by Number Answered
Your Score History
You have not taken this quiz since the last reset